| 000 | 01362nam0a22002891 4500 | ||
|---|---|---|---|
| 001 | rc\917999 | ||
| 005 | 20041129095002.5 | ||
| 035 | _a(NLR Aleph) 006092264 | ||
| 090 |
_a5171674 _c5171674 |
||
| 100 | _a20041129d1982 u |0rusy50 ca | ||
| 101 | 0 | _arus | |
| 102 | _aRU | ||
| 105 | _aa ||||||||| | ||
| 200 | 1 |
_aОпыт устройства кровель прогрессивных видов _eОтеч. опыт _f[К. т. н. В.П. Березин, инж. В.М. Кузьменков, инж. А.С. Полежаев] |
|
| 210 |
_aМ. _cВНИИИС _d1982 |
||
| 215 |
_a52 с. _cил. _d20 |
||
| 225 | 1 |
_aСтроительство и архитектура _hСерия 2 _iОрг. технология и механизация строительно-монтажных работ _eОбзор. информ. _fВНИИ информ. по стр-ву и архитектуре _vВып. 5 |
|
| 300 | _aВ надзаг. также: Госстрой СССР | ||
| 320 | _aБиблиогр.: с. 49-51 | ||
| 700 | 1 |
_aБерезин _bВ. П. _gВячеслав Павлович |
|
| 701 | 1 |
_aКузьменков _bВ. М. _gВячеслав Михайлович |
|
| 701 | 1 |
_aПолежаев _bА. С. _gАлександр Сергеевич |
|
| 801 | 0 |
_aRU _bNLR _gpsbo |
|
| 801 | 1 |
_aRU _bELAR _2rusmarc |
|
| 852 |
_aNLR _jП10/5862 |
||
| 942 | _cBOOK | ||
| 980 | _aNB | ||